| 000 | 00554cam a2200145 4500500 | ||
|---|---|---|---|
| 005 | 20260208002357.0 | ||
| 041 | _afre | ||
| 042 | _adc | ||
| 100 | 1 | 0 |
_aGiafferi-Dombre, Natacha _eauthor |
| 245 | 0 | 0 | _aLaura A. Lewis, Hall of Mirrors: Power, Witchcraft, and Caste in Colonial Mexico. Durham-London, Duke University Press, 2003, XIV + 262 p. |
| 260 | _c2006. | ||
| 500 | _a68 | ||
| 786 | 0 | _nL'Homme | 179 | 3 | 2006-07-01 | p. 237o-302o | 0439-4216 | |
| 856 | 4 | 1 | _uhttps://shs.cairn.info/revue-l-homme-2006-3-page-237o?lang=fr&redirect-ssocas=7080 |
| 999 |
_c1646049 _d1646049 |
||